Queer intentions : a (personal) journey through LGBTQ+ culture /

Guardat en:
Dades bibliogràfiques
Autor principal: Abraham, Amelia (Autor)
Format: Llibre
Idioma:anglès
Publicat: London : Picador, 2019
Etiquetes: Afegir etiqueta
Sense etiquetes, Sigues el primer a etiquetar aquest registre!

MARC

LEADER 00000nam a22000007i 4500
001 IT\ICCU\BCT\0065936
003 ItRI
005 20260115232012.0
008 220509s2019 xxk|||||| ||||| |||||c
020 |a 9781509866168 
024 3 1 |a 9781509866168 
040 |b ita  |c importazione bologna sebina 
041 7 |a eng  |2 ISO-639-2 
100 1 |a Abraham, Amelia  |0 IT\ICCU\BCTV\015926  |4 aut 
240 1 0 |a Queer intentions  |3 IT\ICCU\BCT\0065938  |9 Abraham, Amelia 
245 1 0 |a Queer intentions :  |b a (personal) journey through LGBTQ+ culture /  |c Amelia Abraham. 
260 |a London :  |b Picador,  |c 2019 
300 |a 327 p. ;  |c 22 cm 
942 |2 ddc  |c BK  |n 0 
952 |0 0  |1 0  |4 0  |6 DOC_306_760000000000000_ABR  |7 0  |9 18706  |a BO  |b BO  |d 2026-01-15  |i 20121  |l 0  |o DOC 306.76 ABR  |p BO20121  |r 2026-01-15 23:20:12  |w 2026-01-15  |x [Sebina 5] [1 v.]  |y BK  |z 1 v. 
999 |c 15869  |d 15869